Представление документа в формате MARC21

ПолеНазваниеЗначение
  Тип записи a
  Библиографический уровень m
001 Контрольный номер RU/URAIT/537342
003 Принадлежность контрольного номера https://urait.ru/bcode/537342
005 Дата корректировки 20240827112722.1
008 Кодируемые данные
020 Индекс ISBN __
a ISBN 978-5-534-09025-3
c Цена, тираж 1239.00
040 Источник каталогиз. __
a Служба первич. каталог. ИКО Юрайт
b Код языка каталог. rus
c Служба, преобразующая запись ИКО Юрайт
041 Код языка издания 0_
a Код языка текста rus
044 Код страны публикации __
a Код страны публикации RU
073 _1
a 9785534090253
d 1239.00
080 Индекс УДК __
a Индекс УДК 591.1+591.5(075.8)
084 Индекс другой классификации/Индекс ББК __
a Индекс другой классификации/Индекс ББК 45.2я73
2 Источник индекса rubbk
091 Индексы/ коды __
a Индекс ББК (DOS) 45.2я73
z rubbk
100 Автор 1_
a Автор Скопичев В. Г.
q Полное имя Валерий Григорьевич
230 __
a Электрон. дан.
245 Заглавие 00
a Заглавие Физиология и этология животных в 3 ч. Часть 1. Регуляция функций, ткани, кровеносная и иммунная системы, пищеварение
b Продолж. заглавия учебник и практикум
c Ответственность Н. П. Алексеев, И. О. Боголюбова, Л. Ю. Карпенко ; под общей редакцией В. Г. Скопичева.
250 Сведения об издании __
a Основные сведения об издании 2-е изд.
b Дополнительные сведения об издании испр. и доп
260 Выходные данные 1_
a Место издания Москва
b Издательство Юрайт
c Дата издания 2024
300 Физическое описание __
a Объем 281 с
440 Серия _0
a Серия Высшее образование
500 Примечания __
a Примечание URL: https://urait.ru/bcode/537342 (дата обращения: 27.08.2024).
520 Аннотация __
a Аннотация Данный курс представляет собой изложение основных физиологических функций организма. Ориентируясь на современные научные данные, авторы раскрыли сущность механизмов нервной, гуморальной и условно-рефлекторной регуляции жизнедеятельности животных, а также проанализировали клеточные механизмы основных физиологических процессов.
538 Прим. о системных особенностях __
a Прим. о системных особенностях Режим доступа: Электронно-библиотечная система Юрайт, для авториз. пользователей
653 Ключевые слова 2_
a Ключевые слова Биология и биотехнологии
653 Ключевые слова 2_
a Ключевые слова Естественные науки
653 Ключевые слова 2_
a Ключевые слова Морфология и физиология сельскохозяйственных животных
653 Ключевые слова 2_
a Ключевые слова Физиология и этология животных
653 Ключевые слова 2_
a Ключевые слова Физиология (растений, человека и животных, высшая нервная деятельность, иммунология)
653 Ключевые слова 2_
a Ключевые слова Физиология животных
653 Ключевые слова 2_
a Ключевые слова Физиология человека и животных
653 Ключевые слова 2_
a Ключевые слова Анатомия и физиология животных
653 Ключевые слова 2_
a Ключевые слова Основы этологии
653 Ключевые слова 2_
a Ключевые слова Этология и эволюционная психология
653 Ключевые слова 2_
a Ключевые слова Этология человека и животных
653 Ключевые слова 2_
a Ключевые слова Биология и этология свиней
653 Ключевые слова 2_
a Ключевые слова Этология
653 Ключевые слова 2_
a Ключевые слова Этология рыб
653 Ключевые слова 2_
a Ключевые слова Этология беспозвоночных
653 Ключевые слова 2_
a Ключевые слова Зоопсихология и этология
653 Ключевые слова 2_
a Ключевые слова Этология сельскохозяйственных животных
653 Ключевые слова 2_
a Ключевые слова Этология позвоночных животных
653 Ключевые слова 2_
a Ключевые слова Высшая нервная деятельность и этология животных
653 Ключевые слова 2_
a Ключевые слова Общая этология
653 Ключевые слова 2_
a Ключевые слова Основы физиологии человека и животных
653 Ключевые слова 2_
a Ключевые слова Этология с основами зоопсихологии
653 Ключевые слова 2_
a Ключевые слова Физиология и этология собаки
653 Ключевые слова 2_
a Ключевые слова Этология животных
653 Ключевые слова 2_
a Ключевые слова Этология животных с основами зоопсихологии
653 Ключевые слова 2_
a Ключевые слова Прикладная этология
653 Ключевые слова 2_
a Ключевые слова Этология домашних животных
653 Ключевые слова 2_
a Ключевые слова Этология и сравнительная психология
653 Ключевые слова 2_
a Ключевые слова Этология, дрессировка и тренинг
653 Ключевые слова 2_
a Ключевые слова Этология продуктивных животных
653 Ключевые слова 2_
a Ключевые слова Введение в этологию
653 Ключевые слова 2_
a Ключевые слова Физиология животных и человека
700 Другие авторы 1_
a Другие авторы Алексеев Н. П.
q Полное имя Николай Петрович
700 Другие авторы 1_
a Другие авторы Боголюбова И. О.
q Полное имя Ирина Олеговна
700 Другие авторы 1_
a Другие авторы Карпенко Л. Ю.
q Полное имя Лариса Юрьевна
856 Электронный адрес документа 40
n Местонахождение сервера Юрайт
g Электронная книга
q Тип электронного формата html
h Имя пользователя ЮРАЙТ
v Часы доступа к ресурсу 20251231
2 Способ доступа Показать документ
x Служебное примечание https://urait.ru/book/cover/F5D877CA-34BF-4B7B-9022-A312DFD82B4D
u URL https://urait.ru/bcode/537342
856 Электронный адрес документа 41
q Тип электронного формата cover
u URL https://urait.ru/book/cover/F5D877CA-34BF-4B7B-9022-A312DFD82B4D